Munkavállalók helyzete Magyarországon A munkaerő-kölcsönzés szerepe a munkaerő-piaci igények kielégítésében

Bibliográfiai részletek
Szerző: Kerekes Alexandra
További közreműködők: Andrási Mónika
Dokumentumtípus: Diplomadolgozat
Kulcsszavak:Munkaerő-kölcsönzés
munkavállalók
atipikus foglalkoztatás
Online Access:http://dolgozattar.uni-bge.hu/9733

MARC

LEADER 00000nta a2200000 i 4500
001 dolg9733
005 20161219175931.0
008 161219suuuu hu om 000 hun d
040 |a BGE Dolgozattár Repozitórium  |b hun 
041 |a hu 
100 1 |a Kerekes Alexandra 
245 1 0 |a Munkavállalók helyzete Magyarországon A munkaerő-kölcsönzés szerepe a munkaerő-piaci igények kielégítésében  |c Kerekes Alexandra  |h [elektronikus dokumentum] 
695 |a Munkaerő-kölcsönzés 
695 |a munkavállalók 
695 |a atipikus foglalkoztatás 
700 1 |a Andrási Mónika  |e ths 
856 4 0 |u http://dolgozattar.uni-bge.hu/9733/1/Kerekes_Alexandra_szakdolgozat%2012.19.12.pdf  |z Dokumentum-elérés 
856 4 0 |u http://dolgozattar.uni-bge.hu/9733/2/nyilatkozat..%20%281%29.pdf  |z Dokumentum-elérés